| 000 | 01054nam a22003377a 4500 | ||
|---|---|---|---|
| 001 | BR0602470 | ||
| 003 | BR-BrBNA | ||
| 005 | 20230928102146.0 | ||
| 007 | ta | ||
| 008 | 230509b bl.||||| |||| 00| 0 por d | ||
| 040 |
_aBR-BrBNA _bpor _cBiblioteca Nacional de Agricultura |
||
| 041 | _a(Por) | ||
| 072 |
_aL73; L70 _b5400 |
||
| 090 | _ 5400 BR0602470 | ||
| 100 | 1 | _aCavalcanti, G.A. de O. | |
| 110 | 1 |
_aUniversidade Federal de Minas Gerais, Belo Horizonte (Brasil). Escola de Veterinária _0Tese (Mestre em Medicina Veterinária) |
|
| 245 | 1 | _aAvaliação ecodopplercardiográfica da função diastólica em cães da raça Boxer | |
| 260 | 3 |
_aBelo Horizonte, MG (Brasil): _c2006. |
|
| 300 | _a39 p. | ||
| 500 | _aSummaries (Eng, Por); Bibliography p. 32-38; 6 tables; 9 illus. | ||
| 650 | _aCÃO | ||
| 650 | _aRAÇA | ||
| 650 | _aCORAÇÃO | ||
| 650 | _aDOENÇA ANIMAL | ||
| 650 | _aCARDIOPATIA | ||
| 650 | _aVEIA | ||
| 650 | _aRADIOGRAFIA | ||
| 650 | _aPRESSÃO ARTERIAL | ||
| 909 |
_a202309 _bLucia _c55 _dLucia Elande |
||
| 942 | _cBK | ||
| 999 |
_c69426 _d69426 |
||